| 000 | 01149cam a22002775i 4500 | ||
|---|---|---|---|
| 999 |
_c14731 _d14731 |
||
| 003 | EG-ScBUE | ||
| 005 | 20191231141851.0 | ||
| 008 | 100929s2006 enka f 000 0 eng d | ||
| 020 | _a1405096160 | ||
| 020 | _a9781405096164 | ||
| 040 |
_aEG-ScBUE _beng _erda _cEG-ScBUE _dEG-ScBUE |
||
| 082 | 0 | 4 |
_a428.24076 _bMCC _222 |
| 100 | 1 |
_aMcCarter, Sam, _eauthor. _919942 |
|
| 245 | 1 | 0 |
_aTips for IELTS : _b a must-have for all IELTS candidates! / _cSam McCarter. |
| 264 | 1 |
_aOxford : _bMacmillan Education, _c2006. |
|
| 300 |
_a64 pages : _billustrations ; _c21 cm |
||
| 336 |
_atext _btxt _2rdacontent |
||
| 337 |
_aunmediated _bn _2rdamedia |
||
| 338 |
_avolume _bnc _2rdacarrier |
||
| 520 | _aContains a test-by-test analysis of how to: tackle specific types of questions, increase speed and accuracy, avoid common mistakes, use appropriate language to maximise your score, monitor your own progress, and prepare for the exam. | ||
| 650 | 7 |
_aInternational English Language Testing System. _2BUEsh _913550 |
|
| 650 | 7 |
_aEnglish language _vTextbooks for foreign speakers. _2BUEsh |
|
| 651 | _2BUEsh | ||
| 653 |
_bHHUUEENN _cJuly2019 |
||
| 942 |
_2ddc _cBB |
||